DNEŠNÝ STAV VÝROBY A POUŽITIA IZOLANTOV V ČSR Z HĽADISKA ICH TEPLOTNEJ ODOLNOSTI

Bibliographic Details
Main Author: Rozsypal, Antonín, 1900-1968 (Author)
Format: Article
Language:Slovak

MARC

LEADER 00000nab a2200000uu 4500
001 vtls010894458
003 SK-MaSNL
005 20260303142107.0
008 230222|1957 xo |||||||||||||||||slo|
015 |a SNBRB 
035 |a (urnnbn)urn:nbn:sk:snk:ar-006gpd 
035 |a (uuid)160740cf-94a4-4073-8ec1-93d429a6acc0 
035 |a urn:nbn:sk:snk-ab8nl6 
040 |a SNKBUCL  |b slo  |c SNKBUCL  |e AACR2 
041 0 |a slo 
044 |a xo  |c SK 
100 1 |a Rozsypal, Antonín,  |d 1900-1968  |4 aut  |9 215183 
245 1 0 |a DNEŠNÝ STAV VÝROBY A POUŽITIA IZOLANTOV V ČSR Z HĽADISKA ICH TEPLOTNEJ ODOLNOSTI  |c Antonín Rozsypal 
773 0 |t Strojnoelektrotechnický časopis SAV  |g Roč. 8, č. 1 (1957), s. 38-43 
954 |a odborná, vedecká literatúra pôvodná (slovenská)  |2 lita 
958 |a OND 
958 |a EUIPO 
958 |a article10 
999 |c 1980704  |d 1982634